| 000 | 00673nam a22002417a 4500 | ||
|---|---|---|---|
| 003 | OSt | ||
| 005 | 20140310182008.0 | ||
| 008 | 130729t xxu||||| |||| 00| 0 eng d | ||
| 020 | _a033500003998 | ||
| 050 |
_aPZ 7 _b.St859r30 1998 |
||
| 082 |
_aKF# _bGHO #30 |
||
| 100 |
_aStine, R.L. _93762 |
||
| 245 |
_aI was a sixth-grade zombie / _cR.L. Stine. |
||
| 260 |
_aNew York : _bParachute Press, Inc, _cc1998. |
||
| 300 |
_a117 p. ; _c19 cm. |
||
| 541 | _j1 | ||
| 562 | _e1 | ||
| 650 |
_aHorror tales, American _91743 |
||
| 650 |
_aHorror stories. _93825 |
||
| 650 |
_aChildren's stories, American _94952 |
||
| 700 |
_aStine, R.L. _93762 |
||
| 942 |
_2lcc _cBK-KF _kKF |
||
| 999 |
_c8084 _d8084 |
||